[Event "GER Pfingstopen U16"]
[Site "Playchess.com INT"]
[Date "2020.06.05"]
[Round "7"]
[White "Diederichs, Karl"]
[Black "Grozea, Nicolae Theodor"]
[Result "1-0"]
[WhiteElo "1349"]
[BlackElo "1534"]
[PlyCount "49"]
[EventDate "2020.06.05"]
[EventType "swiss (blitz)"]
[EventRounds "11"]
[EventCountry "GER"]
[SourceTitle "CBM 197 Extra"]
[Source "ChessBase"]
[SourceDate "2020.09.30"]
[SourceVersion "1"]
[SourceVersionDate "2020.09.30"]
[SourceQuality "1"]

1. d4 d5 2. Nf3 Nf6 3. e3 Bf5 4. Ne5 Nc6 5. g4 Nxe5 6. gxf5 Nc6 7. Nc3 e6 8. fxe6 fxe6 9. Bh3 Qd7 10. f3 0-0-0 11. e4 dxe4 12. fxe4 Kb8 13. d5 exd5 14. Bxd7 Rxd7 15. Nxd5 Nxd5 16. exd5 Bc5 17. Qg4 Re8+ 18. Kf1 Rf7+ 19. Kg2 Ne5 20. Re1 Rf2+ 21. Kh3 Ref8 22. Rxe5 R8f3+ 23. Kh4 b6 24. Re8+ Kb7 25. Qc8# 1-0

[Event "GER Pfingstopen U16"]
[Site "Playchess.com INT"]
[Date "2020.06.05"]
[Round "3"]
[White "Diederichs, Karl"]
[Black "Roemer, Alois"]
[Result "0-1"]
[WhiteElo "1349"]
[BlackElo "1593"]
[PlyCount "66"]
[EventDate "2020.06.05"]
[EventType "swiss (blitz)"]
[EventRounds "11"]
[EventCountry "GER"]
[SourceTitle "CBM 197 Extra"]
[Source "ChessBase"]
[SourceDate "2020.09.30"]
[SourceVersion "1"]
[SourceVersionDate "2020.09.30"]
[SourceQuality "1"]

1. d4 d5 2. Nf3 Nf6 3. e3 c5 4. Be2 Nc6 5. c3 e6 6. 0-0 b6 7. Bd3 Bb7 8. Nbd2 g6 9. Re1 Bg7 10. e4 cxd4 11. cxd4 dxe4 12. Nxe4 Nxe4 13. Bxe4 Rb8 14. Bxc6+ Bxc6 15. Be3 0-0 16. Rc1 Rc8 17. Nd2 Bxd4 18. Bxd4 Qxd4 19. Nb3 Qxd1 20. Rexd1 Ba4 21. Rxc8 Rxc8 22. h3 Bxb3 23. axb3 Rc2 24. Rd7 Rxb2 25. Rxa7 Rxb3 26. Rb7 b5 27. g3 Rb1+ 28. Kg2 b4 29. Kf3 b3 30. Ke3 b2 31. Kd2 Rf1 32. Kc3 b1Q 33. Rxb1 Rxb1 0-1

[Event "GER-ch Net Amateur Gr-B Vor3"]
[Site "Playchess.com INT"]
[Date "2020.04.16"]
[Round "7"]
[White "Lange, Martin2222"]
[Black "Diederichs, Karl"]
[Result "1-0"]
[WhiteElo "1518"]
[BlackElo "1372"]
[PlyCount "49"]
[EventDate "2020.04.16"]
[EventType "swiss (blitz)"]
[EventRounds "9"]
[EventCountry "GER"]
[SourceTitle "CBM 195 Extra"]
[Source "ChessBase"]
[SourceDate "2020.05.31"]
[SourceVersion "1"]
[SourceVersionDate "2020.05.31"]
[SourceQuality "1"]

1. e4 e6 2. d4 b6 3. Bd3 Bb7 4. Ne2 d5 5. e5 c5 6. c3 cxd4 7. cxd4 Nd7 8. 0-0 Rc8 9. Nbc3 Bb4 10. Bd2 Ne7 11. Rc1 Bxc3 12. Bxc3 0-0 13. f4 f6 14. f5 fxe5 15. dxe5 exf5 16. Bxf5 Nxf5 17. e6 Nc5 18. Bb4 Ne3 19. Rxf8+ Qxf8 20. Qd4 Nf5 21. Qe5 Nd3 22. Rxc8 Bxc8 23. Qxd5 Ne3 24. e7+ Nxd5 25. exf8Q# 1-0

[Event "GER-ch Net Amateur Gr-B Vor2"]
[Site "Playchess.com INT"]
[Date "2020.04.15"]
[Round "3"]
[White "Diederichs, Karl"]
[Black "Qayumi, Roman"]
[Result "0-1"]
[WhiteElo "1402"]
[BlackElo "1567"]
[PlyCount "30"]
[EventDate "2020.04.15"]
[EventType "swiss (blitz)"]
[EventRounds "9"]
[EventCountry "GER"]
[SourceTitle "CBM 196 Extra"]
[Source "ChessBase"]
[SourceDate "2020.07.31"]
[SourceVersion "1"]
[SourceVersionDate "2020.07.31"]
[SourceQuality "1"]

1. d4 d5 2. Nf3 Nf6 3. e3 c5 4. c3 e6 5. Bd3 Nc6 6. Nbd2 Bd6 7. 0-0 0-0 8. Re1 e5 9. e4 dxe4 10. Nxe4 Nxe4 11. Bxe4 exd4 12. cxd4 Nxd4 13. Nxd4 cxd4 14. Qh5 g6 15. Qh3 Bxh3 0-1

[Event "GER-ch Net Amateur Gr-B Vor1"]
[Site "Playchess.com INT"]
[Date "2020.04.14"]
[Round "3"]
[White "Diederichs, Karl"]
[Black "Alber, Jens Markus"]
[Result "0-1"]
[WhiteElo "1479"]
[BlackElo "1620"]
[PlyCount "70"]
[EventDate "2020.04.14"]
[EventType "swiss (blitz)"]
[EventRounds "9"]
[EventCountry "GER"]
[SourceTitle "EXT 2021"]
[Source "ChessBase"]
[SourceDate "2020.10.23"]
[SourceVersion "1"]
[SourceVersionDate "2020.10.23"]
[SourceQuality "1"]

1. d4 Nf6 2. Nf3 g6 3. e3 Bg7 4. Bd3 0-0 5. Nbd2 d6 6. c3 Nbd7 7. 0-0 e5 8. Re1 c6 9. e4 Qc7 10. b3 Re8 11. Bc4 Nb6 12. Bd3 exd4 13. Nxd4 a6 14. Ba3 c5 15. N4f3 Ng4 16. h3 Ne5 17. Nxe5 Bxe5 18. Bb2 d5 19. exd5 Nxd5 20. c4 Nf6 21. Bxe5 Rxe5 22. Rxe5 Qxe5 23. Nf3 Qe7 24. Qd2 Be6 25. Re1 Qd6 26. Qc2 Rd8 27. Rd1 Qf4 28. Kf1 Ne8 29. a3 Nd6 30. Qe2 Re8 31. Qc2 Nf5 32. Re1 Ng7 33. Rd1 Bxh3 34. gxh3 Qxf3 35. Be2 Qh1# 0-1

[Event "GER-ch Net Amateur Gr-B Vor1"]
[Site "Playchess.com INT"]
[Date "2020.04.14"]
[Round "9"]
[White "Grund, Erwin1111"]
[Black "Diederichs, Karl"]
[Result "1-0"]
[WhiteElo "1610"]
[BlackElo "1426"]
[PlyCount "83"]
[EventDate "2020.04.14"]
[EventType "swiss (blitz)"]
[EventRounds "9"]
[EventCountry "GER"]
[SourceTitle "EXT 2021"]
[Source "ChessBase"]
[SourceDate "2020.10.23"]
[SourceVersion "1"]
[SourceVersionDate "2020.10.23"]
[SourceQuality "1"]

1. e4 e6 2. d4 b6 3. f4 Bb7 4. Bd3 Ne7 5. Nf3 d5 6. e5 g6 7. c3 Bg7 8. 0-0 Nd7 9. Nbd2 c5 10. Ng5 cxd4 11. cxd4 f6 12. Nxe6 Qc8 13. Nxg7+ Kf7 14. exf6 Nxf6 15. f5 Kxg7 16. fxg6 Nxg6 17. Nf3 Qc7 18. Bg5 Raf8 19. Bxg6 hxg6 20. Bxf6+ Rxf6 21. Ne5 Rhf8 22. Rxf6 Rxf6 23. Qg4 Ba6 24. Rd1 Qc2 25. h3 Be2 26. Qd7+ Kh6 27. Re1 Qd2 28. Ra1 Qe3+ 29. Kh1 Qxd4 30. Ng4+ Bxg4 31. hxg4 Qxb2 32. Re1 Qf2 33. Rd1 Qh4+ 34. Kg1 Qf2+ 35. Kh1 Qxa2 36. g5+ Kxg5 37. Rxd5+ Kh6 38. Qh3+ Kg7 39. Rd7+ Kg8 40. Qh7+ Kf8 41. Qe7+ Kg8 42. Rd8+ 1-0

[Event "Niedersachsen-ch op B"]
[Site "Verden"]
[Date "2019.01.04"]
[Round "4"]
[White "Tenninger, Joerg"]
[Black "Diederichs, Karl"]
[Result "1/2-1/2"]
[WhiteElo "1489"]
[BlackElo "1341"]
[PlyCount "62"]
[EventDate "2019.01.03"]
[EventType "swiss"]
[EventRounds "7"]
[EventCountry "GER"]
[SourceTitle "EXT 2022"]
[Source "ChessBase"]
[SourceDate "2021.10.06"]
[SourceVersion "1"]
[SourceVersionDate "2021.10.06"]
[SourceQuality "1"]

1. d4 e6 2. c4 d5 3. Nc3 c5 4. Nf3 Nc6 5. e3 cxd4 6. Nxd4 Nxd4 7. Qxd4 Nf6 8. a3 b6 9. cxd5 Nxd5 10. Nxd5 Qxd5 11. Qxd5 exd5 12. Bb5+ Bd7 13. Bxd7+ Kxd7 14. Ke2 Bc5 15. b4 Bd6 16. Bb2 f6 17. Rhd1 Ke6 18. Rd3 Rad8 19. Rad1 Be5 20. Bd4 Rd7 21. Rc3 Rhd8 22. b5 Bd6 23. Rc6 Rc7 24. Rdc1 Rdc8 25. Rxc7 Rxc7 26. Rxc7 Bxc7 27. h3 h5 28. Kf3 g5 29. g4 h4 30. Ke2 f5 31. Kf3 f4 1/2-1/2

[Event "Hannover Bezirk-ch U12"]
[Site "Hannover"]
[Date "2018.10.05"]
[Round "4.5"]
[White "Diederichs, Karl"]
[Black "Rehbein, Vitus"]
[Result "0-1"]
[WhiteElo "1389"]
[BlackElo "1123"]
[PlyCount "56"]
[EventDate "2018.10.04"]
[EventType "tourn"]
[EventRounds "9"]
[EventCountry "GER"]
[SourceTitle "EXT 2022"]
[Source "ChessBase"]
[SourceDate "2021.10.06"]
[SourceVersion "1"]
[SourceVersionDate "2021.10.06"]
[SourceQuality "1"]

1. d4 d5 2. e3 Nf6 3. Bd3 Nc6 4. c3 Bd7 5. Nd2 e5 6. f4 exd4 7. exd4 Bd6 8. Ndf3 Qe7+ 9. Ne5 Ng8 10. Ngf3 f6 11. 0-0 0-0-0 12. Nxd7 Qxd7 13. Qc2 g6 14. f5 Nce7 15. fxg6 hxg6 16. Bxg6 f5 17. Bf7 Nf6 18. Re1 Ne4 19. Bg5 Rdf8 20. Bxe7 Bxe7 21. Ne5 Qd6 22. Bxd5 Qxd5 23. Ng6 Qd6 24. Nxf8 Qxh2+ 25. Kf1 Qh1+ 26. Ke2 Qxg2+ 27. Kd3 Rh3+ 28. Kc4 Qxc2 0-1

[Event "Hannover Bezirk-ch U12"]
[Site "Hannover"]
[Date "2018.10.04"]
[Round "2.5"]
[White "Amrhein, Dennis"]
[Black "Diederichs, Karl"]
[Result "1-0"]
[WhiteElo "1514"]
[BlackElo "1389"]
[PlyCount "79"]
[EventDate "2018.10.04"]
[EventType "tourn"]
[EventRounds "9"]
[EventCountry "GER"]
[SourceTitle "EXT 2022"]
[Source "ChessBase"]
[SourceDate "2021.10.06"]
[SourceVersion "1"]
[SourceVersionDate "2021.10.06"]
[SourceQuality "1"]

1. d4 d5 2. Bf4 Bf5 3. e3 Nf6 4. Nf3 Nc6 5. c4 e6 6. Bd3 Ne4 7. 0-0 f6 8. Nfd2 Bd6 9. Nxe4 Bxe4 10. cxd5 exd5 11. Bxe4 dxe4 12. Qh5+ g6 13. Qh6 Bf8 14. Qh3 Bg7 15. Qe6+ Qe7 16. Qxe7+ Kxe7 17. Bxc7 Nb4 18. Nc3 f5 19. h3 Nd3 20. Rab1 Kd7 21. Bh2 Bh6 22. a3 Rac8 23. Nb5 a6 24. Nd6 Rc2 25. Nf7 Rxf2 26. Rxf2 Bxe3 27. Nxh8 Nxf2 28. Kf1 Bxd4 29. Nf7 Ke7 30. Ne5 e3 31. Nf3 Ba7 32. Ne5 Ne4 33. Ke2 Nd6 34. Rd1 g5 35. Nc6+ bxc6 36. Rxd6 Bb8 37. Rd7+ Kxd7 38. Bxb8 f4 39. g3 Ke6 40. gxf4 1-0

[Event "Niedersachsen-ch op C"]
[Site "Verden"]
[Date "2018.01.04"]
[Round "1"]
[White "Bruehl, Katharina"]
[Black "Diederichs, Karl"]
[Result "1-0"]
[WhiteElo "1334"]
[BlackElo "1010"]
[PlyCount "51"]
[EventDate "2018.01.04"]
[EventType "swiss"]
[EventRounds "7"]
[EventCountry "GER"]
[SourceTitle "EXT 2022"]
[Source "ChessBase"]
[SourceDate "2021.10.06"]
[SourceVersion "1"]
[SourceVersionDate "2021.10.06"]
[SourceQuality "1"]

1. e4 c6 2. d4 d5 3. e5 Bf5 4. Bd3 Bxd3 5. Qxd3 e6 6. Ne2 f6 7. f4 Be7 8. a3 Nd7 9. 0-0 c5 10. c3 Qb6 11. b4 fxe5 12. fxe5 Nxe5 13. dxe5 c4+ 14. Qd4 Qc7 15. Kh1 Nh6 16. Bxh6 gxh6 17. Nd2 Kd7 18. Ne4 Rhg8 19. Nf6+ Bxf6 20. Rxf6 Rg7 21. Raf1 Ke8 22. Rf8+ Kd7 23. R8f7+ Kd8 24. Rxc7 Kxc7 25. Qc5+ Kd7 26. Qd6+ 1-0